Illustrated manual of orthopaedic medicine / (Record no. 2240)

000 -LEADER
fixed length control field 00951nam a22003377a 4500
001 - CONTROL NUMBER
control field 4240656
003 - CONTROL NUMBER IDENTIFIER
control field OSt
005 - DATE AND TIME OF LATEST TRANSACTION
control field 20210527095704.0
008 - FIXED-LENGTH DATA ELEMENTS--GENERAL INFORMATION
fixed length control field 830225s1983 enka 001 0 eng
010 ## - LIBRARY OF CONGRESS CONTROL NUMBER
LC control number 83003763
020 ## - INTERNATIONAL STANDARD BOOK NUMBER
International Standard Book Number 0407002626
040 ## - CATALOGING SOURCE
Original cataloging agency DLC
Transcribing agency DLC
Modifying agency DLC
Language of cataloging eng
041 ## - LANGUAGE CODE
Language code of text/sound track or separate title eng
050 00 - LIBRARY OF CONGRESS CALL NUMBER
Classification number RD731
Item number .C897 1983
060 ## - NATIONAL LIBRARY OF MEDICINE CALL NUMBER
Classification number WE 168 C997i
080 ## - UNIVERSAL DECIMAL CLASSIFICATION NUMBER
Universal Decimal Classification number 617.3
Item number C-98
082 00 - DEWEY DECIMAL CLASSIFICATION NUMBER
Classification number 617/.3
Edition number 19
100 1# - MAIN ENTRY--PERSONAL NAME
Personal name Cyriax, James Henry.
245 10 - TITLE STATEMENT
Title Illustrated manual of orthopaedic medicine /
Statement of responsibility, etc. James Cyriax, Patricia Cyriax.
260 ## - PUBLICATION, DISTRIBUTION, ETC.
Place of publication, distribution, etc. London
-- Boston
Name of publisher, distributor, etc. Butterworths
Date of publication, distribution, etc. 1983.
300 ## - PHYSICAL DESCRIPTION
Extent ix, 246 p.
Other physical details col. ill.
Dimensions 32 cm.
500 ## - GENERAL NOTE
General note Includes index.
650 #0 - SUBJECT ADDED ENTRY--TOPICAL TERM
Topical term or geographic name entry element Orthopedics.
650 #0 - SUBJECT ADDED ENTRY--TOPICAL TERM
Topical term or geographic name entry element Medicine
9 (RLIN) 69
650 #2 - SUBJECT ADDED ENTRY--TOPICAL TERM
Topical term or geographic name entry element Orthopedics.
653 ## - INDEX TERM--UNCONTROLLED
Uncontrolled term მედიცინა
653 ## - INDEX TERM--UNCONTROLLED
Uncontrolled term ორთოპედია
700 1# - ADDED ENTRY--PERSONAL NAME
Personal name Cyriax, Patricia.
906 ## - LOCAL DATA ELEMENT F, LDF (RLIN)
a 7
b cbc
c orignew
d 1
e ocip
f 19
g y-gencatlg
942 ## - ADDED ENTRY ELEMENTS (KOHA)
Source of classification or shelving scheme
Koha item type Books
Holdings
Withdrawn status Lost status Source of classification or shelving scheme Damaged status Not for loan Permanent location Current location Date acquired Inventory number Total Checkouts Full call number Barcode Date last seen Price effective from Koha item type
          Ken Walker International University Ken Walker International University 05/27/2021 2578   617.3 C-98 2578 05/27/2021 05/27/2021 Books

Powered by Koha